00624nam a22001817a 450000500170000001000150001702000260003202000220005803500130008003700130009308200120010610000140011824501250013226000390025727000600029630000290035649000570038520160920143542.0 aENG-116016 a9789352603299c350.00 a935260329c350.00 aEN-99548 bDBAD/PUB a621.381 aGateforum aGATE test series and previous year solved papers computer science & information electrical engineering / /cby Gateforum aNoidabMcGraw Hill Educationc2017 aB-4, Sector-63, Dist. Gautam Budh Nagar bNoidae201301 a405p :c24 cm (pbk)bill aA division of thinkcell GATEORUM engineering success